000 00768nam a22002777a 4500
003 UA-OsUOA
001 24597
007 ta
008 20040223b un ||||| |||| 00| 0 ukr d
100 _aЄлейко Я.І.
700 _aЄлейко О.І.
700 _aРаєвсьикй К.Є.
090 _a330.322
_bЄ50
942 _cBK
040 _aUA-OsUOA
_bukr
_cUA-OsUOA
_dUA-OsUOA
245 _aІнвестиції, ризик, прогноз
300 _a176 с.
955 _a0
041 _aukr
080 _a330.322
020 _a966-7330-16-8
260 _aЛьвів
_bЛьвівський банківський інститут Національного банку України
_c2000
044 _aUA
650 7 _2UDC
999 _c310875
_d310875